000 004610000a22001570004500
003 MACL
005 20180321124759.0
008 180321b xxu||||| |||| 00| 0 eng d
040 _cMACL
100 _aजयंती मनोकरण
_971480
245 _aसूरजमुखी और तितलियॉं
260 _bनेशनल बुक
_c1994
350 _a8
650 _aचिल्‍ड्रन
_971481
942 _cHIN
_k741.642
_2ddc
999 _c20758
_d20758